header

Fiscal rules in response to the crisis (Record no. 49895)

MARC details
000 -LEADER
fixed length control field 01228nam a2200301Ia 4500
100 1# - MAIN ENTRY--AUTHOR NAME
Personal name Schaechter, Andrea.
245 10 - TITLE STATEMENT
Title Fiscal rules in response to the crisis
260 ## - PUBLICATION, DISTRIBUTION, ETC. (IMPRINT)
Place of publication Washington, D.C. :
Name of publisher International Monetary Fund,
Year of publication 2012.
300 ## - PHYSICAL DESCRIPTION
Number of Pages 48 p. :
Other physical details ill.
650 #0 - SUBJECT ADDED ENTRY--TOPICAL TERM
Topical Term Fiscal policy
856 40 - ELECTRONIC LOCATION AND ACCESS
Uniform Resource Identifier http://site.ebrary.com/lib/rucke/Doc?id=10627153

No items available.

© 2026 Rongo University
Contact us: librarian | system librarian | Rongo university